000 00349nam a2200133Ia 4500
008 240624s9999 xx 000 0 und d
041 _aeng
082 _a658.3 BHA
100 _aBHATTACHARYYA DIPAK KUMAR
245 _aHUMAN RESOURC RESEARCH METHODS
260 _c2014
_aNew Delhi
_bOxford
300 _axiv, : 521 : p. : cm. ; 26
365 _cRS
_b31
999 _c25293
_d25293